Eduardo Barrios: obras, estilo, técnica
Guardat en:
| Autors principals: | , |
|---|---|
| Format: | Llibre |
| Idioma: | espanyol |
| Publicat: |
Santiago
Del Pacífico
1946
|
| Col·lecció: | Serie Premios Nacionales de Literatura, 5
|
| Matèries: | |
| Etiquetes: |
Afegir etiqueta
Sense etiquetes, Sigues el primer a etiquetar aquest registre!
|
MARC
| LEADER | 00000nam a2200000 a 4500 | ||
|---|---|---|---|
| 001 | UCT1281 | ||
| 003 | CL-VaPUC | ||
| 008 | 960927e19460000CL |||||||||||||||||spa|d | ||
| 082 | 0 | 4 | |a Ch863.09 |b ORL |2 21 |
| 100 | |a Orlandi Araya, Julio |e autor |9 340607 | ||
| 700 | 0 | |a Ramírez Cid, Alejandro |e author |9 370089 | |
| 245 | 1 | 0 | |a Eduardo Barrios: obras, estilo, técnica |
| 300 | |a 121 p | ||
| 942 | |c BK | ||
| 945 | |d 19960927 00:00:00 |a nastorga | ||
| 260 | |a Santiago |b Del Pacífico |c 1946 | ||
| 600 | 0 | 7 | |a BARRIOS, EDUARDO |2 CL-VaPUC |9 320692 |
| 650 | 0 | |a Novela chilena |9 307631 | |
| 650 | 0 | |a Crítica e interpretación |9 255042 | |
| 650 | 0 | |a Poesía chilena |9 268403 | |
| 583 | |a last modification |c 19960927 00:00:00 |k Rodrigo Vera | ||
| 490 | 0 | |a Serie Premios Nacionales de Literatura, 5 | |
| 999 | |c 251847 |d 251845 | ||
| 952 | |0 0 |1 0 |4 0 |6 CH_863_090000000000000_ORL_1946 |7 0 |8 A |9 271309 |a BIBEDU |b BIBEDU |d 2019-11-19 |i 3233952 |o Ch863.09 ORL 1946 |p 3233952 |r 2019-11-19 |w 2019-11-19 |y BK |k LIT | ||